Carregant...
konark /
| Autor principal: | |
|---|---|
| Format: | Printed Book |
| Publicat: |
New Delhi:
OUP,
2003.
|
| Col·lecció: | Monumental legancy
|
| Matèries: |
| LEADER | 00565cam a2200193ua 4500 | ||
|---|---|---|---|
| 020 | |a 0-19-567591-6 | ||
| 082 | |a 726.145 |b DON/K | ||
| 100 | 0 | |a Donaldson, Thomas | |
| 245 | 1 | 0 | |a konark / |
| 260 | |a New Delhi: |b OUP, |c 2003. | ||
| 300 | |a viii,85p.. | ||
| 490 | 0 | |a Monumental legancy | |
| 500 | |a Includes glossary. | ||
| 650 | |a Temples | ||
| 650 | 0 | |a Hindu-temples | |
| 650 | 0 | |a Architecture | |
| 942 | |c BK | ||
| 999 | |c 12842 |d 12842 | ||
| 952 | |0 0 |1 0 |4 0 |6 726_145000000000000_DON |7 0 |9 13393 |a KUCL |b KUCL |d 2014-05-23 |l 1 |m 1 |o 726.145 DON/ |p 16222 |r 2016-11-19 |s 2016-08-12 |w 2014-05-23 |y BK | ||